000 00775nam a2200265Ia 4500
003 OSt
005 20220925212458.0
006 a|||||r|||| 00| 0
007 ta
008 220923b |||||||| |||| 00| 0 eng d
020 _a0043120156
037 _cGeneral Book
040 _aRTL
_cRTL
_beng
041 _2eng
_aeng
082 _aE b4:(B28).3.N7, M2
100 _aHakim Catherine
245 0 _aSecondary analysis in social research
_b a guide to
260 _aLondon
_bAllen & Unwin UK
_c1982
300 _axv, 202p
_ccm.
490 _aContemporary Social Research, 5.
500 _aBibliography P 185-95
650 _aSocial Science
_911018
942 _hE b4:(B28).3.N7, M2
_cGB
_2CC
999 _c560481
_d560481